[Event "WTCC-65 2018"]
[Site "Radebeul"]
[Date "2018.07.09"]
[Round "3"]
[White "Hilpert, Rainer"]
[Black "Illi, Hans Joerg"]
[Result "1-0"]
[WhiteElo "2127"]
[BlackElo "2063"]
[Annotator "NA"]
[PlyCount "57"]
[EventDate "2018.07.07"]
[EventType "team-tourn"]
[EventCountry "GER"]
[SourceTitle "playchess.com"]
[Source "ChessBase"]
[SourceQuality "1"]
[TimeControl "40/5400+30:1800+30"]

1. d4 {[%emt 0:00:00]} Nf6 {[%emt 0:00:21]} 2. c4 {[%emt 0:00:00]} e6 {[%emt 0:01:16]} 3. Nc3 {[%emt 0:00:18]} Bb4 {[%emt 0:00:47]} 4. f3 {[%emt 0:00:52]} d5 {[%emt 0:02:43]} 5. a3 {[%emt 0:00:38]} Bxc3+ {[%emt 0:04:04]} 6. bxc3 {[%emt 0:02:44]} b6 {[%emt 0:04:28]} 7. cxd5 {[%emt 0:02:45]} exd5 {[%emt 0:03:56]} 8. e3 {[%emt 0:00:20]} O-O {[%emt 0:02:15]} 9. Bd3 {[%emt 0:00:29]} Ba6 {[%emt 0:04:18]} 10. Bxa6 {[%emt 0:02:07]} Nxa6 {[%emt 0:00:22]} 11. Ne2 {[%emt 0:00:13]} c5 {[%emt 0:00:44]} 12. O-O {[%emt 0:00:52]} Re8 {[%emt 0:09:38]} 13. Ra2 {[%emt 0:06:53]} Qd7 {[%emt 0:05:36]} 14. Ng3 {[%emt 0:01:43]} Rac8 {[%emt 0:02:42]} 15. Re2 {[%emt 0:03:46]} cxd4 {[%emt 0:14:26]} 16. cxd4 {[%emt 0:02:26]} Rc4 {[%emt 0:01:40]} 17. Bb2 {[%emt 0:02:28]} Qc6 {[%emt 0:07:43]} 18. Rfe1 {[%emt 0:05:41]} Nc7 {[%emt 0:00:32]} 19. e4 {[%emt 0:06:08]} g6 {[%emt 0:12:51]} 20. e5 {[%emt 0:12:52]} Nd7 {[%emt 0:00:38]} 21. f4 {[%emt 0:05:11]} Ne6 {[%emt 0:05:00]} 22. f5 {[%emt 0:02:22]} Ng7 {[%emt 0:02:07]} 23. Rf2 {[%emt 0:10:56]} Qa4 {[%emt 0:03:51]} 24. Qf3 {[%emt 0:06:11]} Qc6 {[%emt 0:02:48]} 25. Ref1 {[%emt 0:02:32]} Rf8 {[%emt 0:02:17]} 26. h4 {[%emt 0:04:46]} h5 {[%emt 0:03:20]} 27. Qd3 {[%emt 0:00:39]} gxf5 {[%emt 0:01:19]} 28. Nxf5 {[%emt 0:00:39]} Qe6 29. Qg3 1-0

[Event "WTCC-65 2018"]
[Site "Radebeul"]
[Date "2018.07.09"]
[Round "3"]
[White "Krueger, Erich"]
[Black "Karasev, Vladimir I"]
[Result "0-1"]
[WhiteElo "2126"]
[BlackElo "2337"]
[Annotator "NA"]
[PlyCount "98"]
[EventDate "2018.07.07"]
[EventType "team-tourn"]
[EventCountry "GER"]
[SourceTitle "playchess.com"]
[Source "ChessBase"]
[SourceQuality "1"]
[TimeControl "40/5400+30:1800+30"]

1. d4 {[%emt 0:00:00]} g6 {[%emt 0:00:00]} 2. c4 {[%emt 0:00:00]} Bg7 {[%emt 0:00:00]} 3. e4 {[%emt 0:00:00]} Nc6 {[%emt 0:00:58]} 4. Nf3 {[%emt 0:02:08]} d6 {[%emt 0:00:21]} 5. d5 {[%emt 0:01:21] A40: Unusual replies to 1 d4} (5. Be2 Bg4 6. Be3 Bxf3 7. Bxf3 e5 8. d5 Nd4 9. Bxd4 exd4 10. O-O Ne7 11. Nd2 O-O 12. Rb1 c6 13. Be2 f5 14. exf5 Nxf5 15. dxc6 bxc6 16. b4 Kh8 17. Bd3 Rb8 {½-½ (72) Giri,A (2734)-Nepomniachtchi,I (2721) Beijing 2013}) 5... Nb8 {[%emt 0:01:09]} 6. Be2 {[%emt 0:01:26]} c5 {[%emt 0:01:09]} 7. O-O {[%emt 0:02:30]} Bg4 $146 {[%emt 0:01:23]} ({Predecessor:} 7... Nf6 8. Nc3 O-O 9. h3 a6 10. Be3 Nbd7 11. Qd2 Rb8 12. a4 Qa5 13. Bh6 Qb4 14. Bxg7 Kxg7 15. Ne1 Ne5 16. Nc2 Nxc4 17. Qd3 {½-½ (39) Thorsteins,K (2370)-Ivkovic,D Bela Crkva 1983}) 8. h3 {[%emt 0:04:30]} Bxf3 {[%emt 0:00:10]} 9. Bxf3 {[%emt 0:00:05]} Nd7 {[%emt 0:06:12]} 10. Qc2 {[%emt 0:00:57]} Bh6 {[%emt 0:08:20]} 11. Bxh6 {[%emt 0:09:53]} Nxh6 {[%emt 0:00:04]} 12. Qd2 {[%emt 0:00:28]} Ng8 {[%emt 0:00:10]} 13. Nc3 {[%emt 0:00:47]} h6 {[%emt 0:10:47]} 14. Be2 {[%emt 0:02:47]} (14. Bd1 $16) 14... g5 {[%emt 0:00:53]} 15. f4 {[%emt 0:15:15]} gxf4 {[%emt 0:00:21]} 16. Rxf4 {[%emt 0:00:11]} Ne5 {[%emt 0:01:06]} 17. Nd1 {[%emt 0:05:29]} Nf6 {[%emt 0:02:55]} 18. Nf2 {[%emt 0:03:57]} Qb6 {[%emt 0:06:15]} 19. b3 {[%emt 0:02:11]} O-O-O {[%emt 0:01:31]} 20. Bg4+ {[%emt 0:02:51]} Kb8 {[%emt 0:00:42]} 21. Bf5 {[%emt 0:02:16]} Rdg8 {[%emt 0:07:46]} 22. Nd3 {[%emt 0:04:08]} Rg3 {[%emt 0:06:43]} 23. Nxe5 {[%emt 0:02:10]} dxe5 {[%emt 0:00:02]} 24. Rh4 {[%emt 0:03:49]} h5 {[%emt 0:13:24]} 25. Rf1 {[%emt 0:04:59]} Rhg8 {[%emt 0:03:02]} 26. Rf2 {[%emt 0:00:42]} Qd6 {[%emt 0:08:05]} 27. Kh2 {[%emt 0:01:03]} R3g7 {[%emt 0:01:58]} 28. Qe2 {[%emt 0:06:17]} e6 {[%emt 0:02:58]} 29. Bg4 {[%emt 0:04:14]} exd5 {[%emt 0:06:11]} 30. Bxh5 {[%emt 0:00:52]} dxe4 {[%emt 0:00:52]} 31. Rxe4 {[%emt 0:04:08]} Nxe4 {[%emt 0:00:41]} 32. Qxe4 {[%emt 0:00:10]} Qd4 {[%emt 0:02:03]} 33. Qc2 {[%emt 0:04:16]} e4 {[%emt 0:00:46]} 34. Bg4 {[%emt 0:02:06]} e3 {[%emt 0:01:24]} 35. Rf5 {[%emt 0:02:15]} Rxg4 {[%emt 0:01:56]} 36. hxg4 {[%emt 0:00:19]} Qxg4 {[%emt 0:00:24]} 37. Rf3 {[%emt 0:01:02]} Qh4+ {[%emt 0:01:00]} 38. Kg1 {[%emt 0:02:27]} Re8 {[%emt 0:03:14]} 39. Qe2 {[%emt 0:01:43]} Qg4 {[%emt 0:00:38]} 40. Kf1 {[%emt 0:01:53]} f5 {[%emt 0:00:32]} 41. Rh3 {[%emt 0:09:18]} Qe4 {[%emt 0:01:42]} 42. Kg1 {[%emt 0:00:43]} f4 {[%emt 0:00:34]} 43. Kh2 {[%emt 0:03:41]} a6 {[%emt 0:00:19]} 44. Rh5 {[%emt 0:03:48]} Ka7 {[%emt 0:00:51]} 45. Rh3 {[%emt 0:02:34]} Qe5 {[%emt 0:01:18]} 46. Kg1 {[%emt 0:07:03]} Rd8 {[%emt 0:01:22]} 47. Rh7 {[%emt 0:02:45]} Qe4 {[%emt 0:02:26]} 48. Qh5 {[%emt 0:01:40]} e2 {[%emt 0:01:20]} 49. Qxc5+ {[%emt 0:00:27]} Ka8 {[%emt 0:00:14]} 0-1

[Event "WTCC-65 2018"]
[Site "Radebeul"]
[Date "2018.07.09"]
[Round "3"]
[White "Just, Fred"]
[Black "Vucenovic, Dragomir"]
[Result "0-1"]
[WhiteElo "2116"]
[BlackElo "2186"]
[Annotator "NA"]
[PlyCount "94"]
[EventDate "2018.07.07"]
[EventType "team-tourn"]
[EventCountry "GER"]
[SourceTitle "playchess.com"]
[Source "ChessBase"]
[SourceQuality "1"]
[TimeControl "40/5400+30:1800+30"]

1. d4 {[%emt 0:00:00]} d5 {[%emt 0:00:00]} 2. Nf3 {[%emt 0:00:00]} Nf6 {[%emt 0:00:00]} 3. e3 {[%emt 0:01:26]} e6 {[%emt 0:00:45]} 4. c4 {[%emt 0:00:36]} Nbd7 {[%emt 0:01:07]} 5. Nc3 {[%emt 0:01:22]} Be7 {[%emt 0:01:38]} 6. b3 {[%emt 0:01:05]} O-O {[%emt 0:01:15]} 7. Bd3 {[%emt 0:00:31]} c5 {[%emt 0:02:21]} 8. O-O {[%emt 0:03:09]} b6 {[%emt 0:00:29]} 9. cxd5 {[%emt 0:04:15]} exd5 {[%emt 0:00:52]} 10. Bb2 {[%emt 0:00:56]} Bb7 {[%emt 0:01:00]} 11. Rc1 {[%emt 0:01:37]} Rc8 {[%emt 0:01:58]} 12. Bf5 {[%emt 0:14:58]} g6 {[%emt 0:02:54]} 13. Bh3 {[%emt 0:03:41]} Rb8 {[%emt 0:05:18]} 14. Ne5 {[%emt 0:04:24]} Nxe5 {[%emt 0:01:25]} 15. dxe5 {[%emt 0:00:19]} Ne8 {[%emt 0:00:28]} 16. Ne2 {[%emt 0:02:02]} Ng7 {[%emt 0:02:39]} 17. Qd2 {[%emt 0:02:58]} f5 {[%emt 0:03:17]} 18. exf6 {[%emt 0:02:19]} Bxf6 {[%emt 0:00:07]} 19. Rfd1 {[%emt 0:05:28]} Bxb2 {[%emt 0:08:33]} 20. Qxb2 {[%emt 0:00:13]} Qe7 {[%emt 0:01:17]} 21. Rd2 {[%emt 0:03:36]} Rbd8 {[%emt 0:07:56]} 22. Rcd1 {[%emt 0:00:46]} g5 {[%emt 0:02:16]} 23. Qc3 {[%emt 0:13:13]} h5 {[%emt 0:06:51]} 24. f3 {[%emt 0:04:30]} Rde8 {[%emt 0:29:22]} 25. e4 {[%emt 0:04:35]} d4 {[%emt 0:00:58]} 26. Qc4+ {[%emt 0:01:37]} Qf7 {[%emt 0:03:25]} 27. Qxf7+ {[%emt 0:00:41]} Rxf7 {[%emt 0:00:02]} 28. Ng3 {[%emt 0:00:01]} Bc8 {[%emt 0:01:56]} 29. Bxc8 {[%emt 0:01:48]} Rxc8 {[%emt 0:00:02]} 30. Rc1 {[%emt 0:02:11]} Rfc7 {[%emt 0:00:54]} 31. Ne2 {[%emt 0:01:42]} h4 32. f4 {[%emt 0:02:10]} gxf4 {[%emt 0:04:42]} 33. Nxf4 {[%emt 0:00:08]} Rf7 {[%emt 0:00:49]} 34. Ng6 Re8 {[%emt 0:01:00]} 35. Nxh4 {[%emt 0:06:19]} Rxe4 {[%emt 0:00:19]} 36. Nf3 {[%emt 0:02:53]} Ne6 {[%emt 0:00:53]} 37. h4 {[%emt 0:03:21]} Rg7 {[%emt 0:00:30]} 38. Kf2 {[%emt 0:00:30]} Reg4 {[%emt 0:00:30]} 39. Kf1 {[%emt 0:00:30]} Nf4 {[%emt 0:00:30]} 40. Re1 {[%emt 0:06:37]} Nxg2 {[%emt 0:04:53]} 41. Re8+ {[%emt 0:30:44]} Kf7 {[%emt 0:30:52]} 42. Ne5+ {[%emt 0:00:02]} Kxe8 {[%emt 0:00:30]} 43. Nxg4 {[%emt 0:00:02]} Rxg4 {[%emt 0:00:20]} 44. Rxg2 {[%emt 0:00:15]} Rxg2 {[%emt 0:00:49]} 45. Kxg2 {[%emt 0:00:05]} b5 {[%emt 0:00:06]} 46. Kf3 c4 47. bxc4 {[%emt 0:00:00]} bxc4 {[%emt 0:00:00]} 0-1

[Event "WTCC-65 2018"]
[Site "Radebeul"]
[Date "2018.07.09"]
[Round "3"]
[White "Seibold, Hubert"]
[Black "Gruzmann, Boris"]
[Result "1/2-1/2"]
[WhiteElo "2113"]
[BlackElo "2176"]
[Annotator "NA"]
[PlyCount "95"]
[EventDate "2018.07.07"]
[EventType "team-tourn"]
[EventCountry "GER"]
[SourceTitle "playchess.com"]
[Source "ChessBase"]
[SourceQuality "1"]
[TimeControl "40/5400+30:1800+30"]

1. d4 {[%emt 0:00:00]} Nf6 {[%emt 0:00:00]} 2. Nf3 {[%emt 0:00:00]} g6 {[%emt 0:00:00]} 3. g3 {[%emt 0:00:00]} Bg7 {[%emt 0:00:08]} 4. Bg2 {[%emt 0:00:03]} O-O {[%emt 0:00:10]} 5. O-O {[%emt 0:00:15]} d6 {[%emt 0:00:55]} 6. c4 {[%emt 0:01:43]} Nc6 {[%emt 0:00:20]} 7. b3 {[%emt 0:02:08]} Bg4 {[%emt 0:03:21]} 8. Bb2 {[%emt 0:02:28]} Qd7 {[%emt 0:00:27]} 9. Nc3 {[%emt 0:03:48]} Bh3 {[%emt 0:00:43]} 10. e4 {[%emt 0:07:04]} Bxg2 {[%emt 0:09:46]} 11. Kxg2 {[%emt 0:00:16]} Nh5 {[%emt 0:00:38]} 12. d5 {[%emt 0:04:22]} Nd8 {[%emt 0:00:42]} 13. Qd2 {[%emt 0:14:00]} e5 {[%emt 0:00:47]} 14. dxe6 {[%emt 0:04:34]} fxe6 {[%emt 0:05:06]} 15. Ng1 {[%emt 0:06:58]} e5 {[%emt 0:03:39]} 16. c5 {[%emt 0:03:24]} Ne6 {[%emt 0:05:04]} 17. cxd6 {[%emt 0:01:10]} cxd6 {[%emt 0:00:08]} 18. Nd5 {[%emt 0:02:35]} Rf7 {[%emt 0:10:02]} 19. Rac1 {[%emt 0:08:53]} Raf8 {[%emt 0:03:57]} 20. f3 {[%emt 0:01:08]} Nf6 {[%emt 0:01:27]} 21. Ne2 {[%emt 0:09:14]} Nxd5 {[%emt 0:01:18]} 22. Qxd5 {[%emt 0:02:37]} Ng5 {[%emt 0:04:40]} 23. Ng1 {[%emt 0:00:20]} h5 {[%emt 0:02:10]} 24. f4 {[%emt 0:05:27]} Ne6 {[%emt 0:04:28]} 25. fxe5 dxe5 {[%emt 0:00:52]} 26. Qxd7 {[%emt 0:03:26]} Rxd7 {[%emt 0:03:00]} 27. Rxf8+ {[%emt 0:01:16]} Nxf8 {[%emt 0:05:20]} 28. Nf3 {[%emt 0:00:44]} Ne6 {[%emt 0:02:40]} 29. Rc8+ {[%emt 0:02:36]} Kh7 {[%emt 0:00:31]} 30. Re8 {[%emt 0:03:49]} Nc7 {[%emt 0:01:05]} 31. Rb8 {[%emt 0:01:00]} Na6 {[%emt 0:02:16]} 32. Ra8 {[%emt 0:01:49]} Nc5 {[%emt 0:00:55]} 33. Ng5+ {[%emt 0:02:49]} Kh6 {[%emt 0:00:17]} 34. Bc1 {[%emt 0:00:06]} Nd3 {[%emt 0:05:15]} 35. Be3 {[%emt 0:01:56]} b6 {[%emt 0:01:06]} 36. Nf7+ {[%emt 0:00:42]} Kh7 {[%emt 0:00:07]} 37. Ng5+ {[%emt 0:00:39]} Kh6 {[%emt 0:00:16]} 38. Ne6+ {[%emt 0:01:20]} Kh7 {[%emt 0:00:20]} 39. h4 {[%emt 0:01:05]} Ne1+ {[%emt 0:04:54]} 40. Kf2 {[%emt 0:01:31]} Nc2 {[%emt 0:01:11]} 41. Ng5+ {[%emt 0:32:36]} Kh6 {[%emt 0:30:15]} 42. Re8 {[%emt 0:00:00]} Nxe3 {[%emt 0:00:00]} 43. Kxe3 {[%emt 0:00:00]} Rc7 {[%emt 0:00:00]} 44. Kd3 {[%emt 0:00:00]} Rd7+ {[%emt 0:00:00]} 45. Kc3 {[%emt 0:00:00]} Rc7+ {[%emt 0:00:00]} 46. Kd3 {[%emt 0:00:00]} Rd7+ {[%emt 0:00:00]} 47. Kc3 {[%emt 0:00:00]} Rc7+ {[%emt 0:00:00]} 48. Kd3 {[%emt 0:00:00]} 1/2-1/2

[Event "WTCC-65 2018"]
[Site "Radebeul"]
[Date "2018.07.09"]
[Round "3"]
[White "Gundersen, Helge Folmer"]
[Black "Stebbings, Anthony J"]
[Result "0-1"]
[WhiteElo "2089"]
[BlackElo "2257"]
[Annotator "NA"]
[PlyCount "100"]
[EventDate "2018.07.07"]
[EventType "team-tourn"]
[EventCountry "GER"]
[SourceTitle "playchess.com"]
[Source "ChessBase"]
[SourceQuality "1"]
[TimeControl "40/5400+30:1800+30"]

1. Nc3 {[%emt 0:00:00]} c5 {[%emt 0:00:00]} 2. e4 {[%emt 0:00:00]} Nc6 {[%emt 0:00:00]} 3. f4 {[%emt 0:00:00]} g6 {[%emt 0:00:00]} 4. Nf3 {[%emt 0:00:00]} Bg7 {[%emt 0:00:03]} 5. Bb5 {[%emt 0:00:02]} Nd4 {[%emt 0:00:14]} 6. O-O {[%emt 0:00:09] LiveBook: 708 Games} a6 {[%emt 0:00:35]} 7. Be2 {[%emt 0:06:21] B23: Closed Sicilian: Lines without g3} (7. Bd3 Nc6 8. e5 d6 9. Qe2 dxe5 10. fxe5 Nh6 11. Kh1 Bg4 12. Be4 Rc8 13. d3 Nf5 14. e6 f6 15. Qf2 {1-0 (37) Petrosian,T (2648)-Jaracz,P (2548) Warsaw 2012}) 7... e6 {[%emt 0:04:19]} 8. a4 {[%emt 0:00:41]} Ne7 {[%emt 0:00:24]} 9. e5 {[%emt 0:02:53]} d6 {[%emt 0:06:46]} 10. exd6 {[%emt 0:16:10]} Qxd6 {[%emt 0:00:24]} 11. Ne4 $146 {[%emt 0:00:31]} ({Predecessor:} 11. d3 O-O 12. Ne4 Qc7 13. c3 Nxe2+ 14. Qxe2 b6 15. a5 {½-½ (44) Hoennekes,K (1933)-Roeder,G (2094) Bergen 2011}) 11... Qxf4 {[%emt 0:18:14]} 12. Nfg5 {[%emt 0:04:22]} Qe5 {[%emt 0:00:28]} 13. Nxf7 {[%emt 0:00:31]} Nxe2+ {[%emt 0:00:51]} 14. Qxe2 {[%emt 0:00:30]} Qd4+ {[%emt 0:00:11]} 15. Kh1 {[%emt 0:04:14]} O-O {[%emt 0:00:12]} 16. Nfd6 {[%emt 0:05:04] [#]} Rxf1+ $1 {[%emt 0:07:33]} 17. Qxf1 {[%emt 0:00:07]} Nf5 {[%emt 0:00:41]} 18. c3 {[%emt 0:07:36]} Qd5 {[%emt 0:00:47]} 19. Qc4 {[%emt 0:03:41]} Nxd6 {[%emt 0:15:37]} 20. Qxd5 {[%emt 0:00:16]} exd5 {[%emt 0:00:04]} 21. Nxd6 {[%emt 0:00:10]} b6 {[%emt 0:08:57]} 22. d3 {[%emt 0:06:11]} (22. Nxc8 $15 Rxc8 23. d3) 22... Bg4 {[%emt 0:11:18]} 23. Bf4 {[%emt 0:07:50]} Rf8 {[%emt 0:03:22]} 24. g3 {[%emt 0:00:48] [#]} Rd8 $1 {[%emt 0:03:48]} 25. a5 {[%emt 0:05:14]} Bf8 {[%emt 0:01:24]} 26. axb6 {[%emt 0:02:44]} Bxd6 {[%emt 0:00:05]} 27. Bxd6 {[%emt 0:00:07]} Rxd6 {[%emt 0:00:03]} 28. Rxa6 {[%emt 0:00:12]} Bf3+ {[%emt 0:02:21]} 29. Kg1 {[%emt 0:00:01]} d4 {[%emt 0:00:46]} 30. b7 {[%emt 0:04:48]} Rd8 {[%emt 0:00:09]} 31. Rd6 {[%emt 0:00:13]} Rb8 {[%emt 0:01:46]} 32. cxd4 {[%emt 0:01:21]} cxd4 {[%emt 0:00:39]} 33. Rxd4 {[%emt 0:00:27]} Rxb7 {[%emt 0:00:09]} 34. b4 {[%emt 0:00:03]} Bc6 {[%emt 0:00:54]} 35. Kf2 {[%emt 0:00:31]} Kf7 {[%emt 0:04:32]} 36. Ke3 {[%emt 0:00:49]} Ke6 {[%emt 0:00:25]} 37. Kf4 {[%emt 0:03:54]} Rb5 {[%emt 0:04:45]} 38. Rc4 {[%emt 0:05:37]} Rf5+ {[%emt 0:02:40]} 39. Ke3 {[%emt 0:00:52]} Re5+ {[%emt 0:01:11]} 40. Kf4 {[%emt 0:02:54]} Rf5+ 41. Ke3 {[%emt 0:30:29]} Kd6 {[%emt 0:05:05]} 42. Rh4 {[%emt 0:00:00]} h5 {[%emt 0:00:37]} 43. Rd4+ {[%emt 0:00:00]} Rd5 {[%emt 0:01:24]} 44. Rxd5+ {[%emt 0:00:00]} Kxd5 {[%emt 0:00:10]} 45. Kf4 {[%emt 0:00:00]} Bb5 {[%emt 0:01:32]} 46. Ke3 {[%emt 0:00:00]} Ke5 {[%emt 0:01:07]} 47. h3 {[%emt 0:00:00]} Kd5 {[%emt 0:00:46]} 48. d4 {[%emt 0:00:00]} Bd7 {[%emt 0:00:43]} 49. b5 {[%emt 0:00:00]} Bxb5 {[%emt 0:00:40]} 50. Kf4 {[%emt 0:00:13]} Kxd4 {[%emt 0:00:18]} 0-1

[Event "WTCC-65 2018"]
[Site "Radebeul"]
[Date "2018.07.09"]
[Round "3"]
[White "Hohler, Peter"]
[Black "Mueller, Horst"]
[Result "1/2-1/2"]
[WhiteElo "2073"]
[BlackElo "2180"]
[Annotator "NA"]
[PlyCount "93"]
[EventDate "2018.07.07"]
[EventType "team-tourn"]
[EventCountry "GER"]
[SourceTitle "playchess.com"]
[Source "ChessBase"]
[SourceQuality "1"]
[TimeControl "40/5400+30:1800+30"]

1. d4 {[%emt 0:00:00]} Nf6 {[%emt 0:00:00]} 2. c4 {[%emt 0:00:00]} e6 {[%emt 0:00:00]} 3. Nf3 {[%emt 0:00:05]} d5 {[%emt 0:00:01]} 4. Nc3 {[%emt 0:00:18]} c6 {[%emt 0:00:14]} 5. e3 {[%emt 0:00:32]} Be7 {[%emt 0:00:09]} 6. Bd3 {[%emt 0:01:24]} Nbd7 {[%emt 0:00:18]} 7. O-O {[%emt 0:00:24]} O-O {[%emt 0:00:09]} 8. b3 {[%emt 0:01:22]} b6 {[%emt 0:01:48]} 9. Bb2 {[%emt 0:00:06]} Bb7 {[%emt 0:00:11]} 10. Qe2 {[%emt 0:01:08]} c5 {[%emt 0:03:57]} 11. Rfd1 {[%emt 0:04:59]} Rc8 {[%emt 0:02:09]} 12. Rac1 {[%emt 0:00:48]} Re8 {[%emt 0:01:51]} 13. cxd5 {[%emt 0:08:27]} exd5 {[%emt 0:00:48]} 14. Ba6 {[%emt 0:04:24]} Qc7 {[%emt 0:05:17]} 15. Bxb7 {[%emt 0:01:07]} Qxb7 {[%emt 0:00:03]} 16. dxc5 {[%emt 0:14:22]} Nxc5 {[%emt 0:04:21]} 17. Nd4 {[%emt 0:03:51]} g6 {[%emt 0:10:31]} 18. Qf1 {[%emt 0:10:17]} Red8 {[%emt 0:07:37]} 19. Nde2 {[%emt 0:04:39]} Ne6 {[%emt 0:05:11]} 20. h3 {[%emt 0:07:22]} a6 {[%emt 0:06:45]} 21. Nd4 {[%emt 0:04:49]} Nc5 {[%emt 0:03:42]} 22. Nf3 {[%emt 0:04:10]} Nce4 {[%emt 0:04:01]} 23. Ne2 {[%emt 0:03:17]} Rxc1 {[%emt 0:02:32]} 24. Rxc1 {[%emt 0:00:07]} Rc8 {[%emt 0:01:03]} 25. Rxc8+ {[%emt 0:02:10]} Qxc8 {[%emt 0:00:02]} 26. Qc1 {[%emt 0:00:14]} Qxc1+ {[%emt 0:00:37]} 27. Nxc1 {[%emt 0:00:01]} Nd7 {[%emt 0:02:23]} 28. Kf1 {[%emt 0:03:21]} f6 {[%emt 0:00:51]} 29. Nd4 {[%emt 0:03:53]} Kf7 {[%emt 0:03:21]} 30. f3 {[%emt 0:03:49]} Nec5 {[%emt 0:01:12]} 31. Ke2 {[%emt 0:00:39]} Bd6 {[%emt 0:03:10]} 32. Nd3 {[%emt 0:01:58]} Be5 {[%emt 0:03:21]} 33. Nb4 {[%emt 0:00:59]} Ke7 {[%emt 0:07:16]} 34. Nxd5+ {[%emt 0:00:36]} Kd6 {[%emt 0:00:03]} 35. Nb4 {[%emt 0:01:56]} f5 {[%emt 0:01:25]} 36. Nd3 {[%emt 0:03:29]} Nxd3 {[%emt 0:01:53]} 37. Kxd3 {[%emt 0:00:07]} Nc5+ {[%emt 0:00:25]} 38. Kc2 {[%emt 0:00:34]} Kd5 {[%emt 0:00:59]} 39. Ne2 {[%emt 0:03:46]} Bc7 {[%emt 0:06:46]} 40. Nc1 {[%emt 0:02:38]} Ne6 {[%emt 0:01:54]} 41. Ne2 {[%emt 0:31:12]} b5 {[%emt 0:34:10]} 42. Nd4 {[%emt 0:00:00]} Nc5 {[%emt 0:00:00]} 43. Ne2 {[%emt 0:00:00]} Ne6 {[%emt 0:00:00]} 44. Nd4 {[%emt 0:00:00]} Nc5 {[%emt 0:00:00]} 45. Ne2 Ne6 46. Bd4 b4 47. Kd3 1/2-1/2

[Event "WTCC-65 2018"]
[Site "Radebeul"]
[Date "2018.07.10"]
[Round "4"]
[White "Zhelnin, Vladimir V"]
[Black "Povah, Nigel E"]
[Result "0-1"]
[WhiteElo "2453"]
[BlackElo "2245"]
[Annotator "TA"]
[PlyCount "108"]
[EventDate "2018.07.07"]
[EventType "team-tourn"]
[EventCountry "GER"]
[SourceTitle "playchess.com"]
[Source "ChessBase"]
[SourceQuality "1"]

{[%evp 26,108,8,6,48,43,60,53,58,18,75,94,84,83,89,72,94,78,91,77,93,104,179,166,179,111,224,183,183,184,181,175,188,162,168,0,179,198,241,56,49,52,61,-3,0,-56,-54,-57,0,0,9,-314,-285,-350,-333,-564,-485,-582,-566,-550,-487,-496,-448,-523,-412,-668,-648,-777,-754,-837,-777,-1082,-410,-387,-404,-492,-485,-477,-463,-718,-699,-636,-425,-541,-533]} 1. e4 c5 2. Nc3 Nc6 3. Nge2 e6 4. d4 cxd4 5. Nxd4 Qc7 6. Be2 a6 7. O-O Nf6 8. Qd3 Nxd4 9. Qxd4 Bd6 10. Kh1 b5 11. f4 Bc5 12. Qd3 Bb7 13. Bf3 d5 {B47: Sicilian: Taimanov: 5 Nc3 Qc7 6 f4, 6 g3 and 6 Be2} 14. exd5 {LiveBook: 3 Games. Black should prevent Nxb5!} Rd8 {[%cal Rf6d5]} (14... O-O 15. Be3 Rfd8 16. Bxc5 Qxc5 17. a4 b4 18. Ne4 Nxe4 19. Bxe4 g6 20. c4 bxc3 21. Rac1 Bxd5 22. Bxd5 Rxd5 23. Qxc3 {0-1 (67) Dervishi,E (2552)-Kasimdzhanov,R (2683) Riadh 2017}) 15. Nxb5 Qc8 $146 {White is slightly better.} ({Predecessor:} 15... axb5 16. Qxb5+ Ke7 17. Qxb7 Qxb7 18. d6+ Rxd6 19. Bxb7 Ng4 20. h3 Ne3 21. Bxe3 Bxe3 {1-0 (45) Quesada Perez,Y (2423)-Valdes Lopez,A (2233) San Nicolas de Bari 2009}) 16. Nc3 O-O {[%cal Rf6d5]} 17. Ne4 Nxd5 (17... Nxe4 $11 {remains equal.} 18. Bxe4 f5) 18. Nxc5 $16 Qxc5 {[#]} 19. Qe2 $1 {Threatens to win with c4.} Rc8 20. c3 a5 21. Bd2 Rfd8 22. Rac1 Rb8 23. b3 Qd6 (23... Ne7 $16 {was called for.}) 24. c4 $18 {Black must now prevent Rfd1.} Nb4 {[#]} 25. Rcd1 (25. Bc3 $1 $18) 25... Qc7 (25... Qd3 $16) 26. Bc3 {Strongly threatening Be5.} Bxf3 27. Qxf3 {aiming for Be5.} f6 28. Qe2 Kf7 29. Qh5+ Kg8 30. Qe2 Kf7 $1 31. Rfe1 Re8 32. Qe4 $2 (32. a3 $18) 32... Nxa2 $14 33. Ba1 Kg8 34. f5 (34. Rd3 $14) 34... e5 $11 35. Qd5+ (35. Rd2 $11 Nb4 36. Bc3) 35... Kh8 $15 36. h3 Rxb3 ({Black should play} 36... Nb4 $15 37. Qd7 Qc8) 37. c5 $1 $11 a4 38. c6 $2 {[%mdl 8192]} (38. Qc4 $1 $11) 38... Nb4 $1 $19 {[%csl LRc6,LRd5]} 39. Qc4 Qxc6 40. Qf7 $2 (40. Re4 {was worth a try.}) 40... Rxh3+ 41. Kg1 Rg3 {[%csl Gg3][%cal Rc6g2]} 42. Re2 h6 43. Kh2 Rd3 44. Rb1 Nd5 45. Rc2 (45. Bxe5 $142 Rg8 46. Bg3) 45... Qa8 46. Rb7 {[%csl Gb7][%cal Rf7g7]} Rg8 47. Ra7 Qb8 48. Rb2 Qe8 (48... Qc8 $142 49. Rxa4 Qxf5) 49. Qxe8 Rxe8 50. Rbb7 Rg8 {Black is clearly winning.} 51. Rxa4 Ne3 52. g4 (52. Rb1 $142) 52... Rc8 {( -> ...Rc2+)} 53. Rb2 {[#]} h5 $1 54. g5 (54. gxh5 Kh7) 54... fxg5 {Precision: White = 43%, Black = 49%.} 0-1